000 00582nam a2200193 a 4500
001 000044365
003 DO-SdBNP
005 20180403140507.0
007 000044365
008 140624s2010 dr 000 0 spa d
040 _aBPMET
_bspa
_cBPMET
100 1 _aOrtíz Frías, Sagrario
245 1 0 _aEl maravilloso mundo del agua :
_bcuento infantil /
_cSagrario Ortíz Frías.
260 _aSanto Domingo :
_bEditora Ámbar
_c2003
300 _a12 p. :
_bil. ;
_c21 cm.
942 _2ddc
_cBK
945 _aInventariado infantil / 2018 VM
956 _aVMATEO
_b10
_c20140630
_lBPMSU
_h0069
999 _c7531
_d7531